| 000 | 00314nam a2200121Ia 4500 | ||
|---|---|---|---|
| 008 | 230907s9999||||xx |||||||||||||| ||und|| | ||
| 082 |
_a621.361 _bPAN |
||
| 100 |
_aPaganin, David M., _9115340 |
||
| 245 | 0 | _aCoherent X-ray optics / | |
| 260 |
_aOxford, _bOxford : _c2013 |
||
| 300 | _axii, 411 pages : | ||
| 942 | _cBK | ||
| 999 |
_c598176 _d598176 |
||